header

Rule of darkness (Record no. 44900)

MARC details
000 -LEADER
fixed length control field 01677nam a2200409 a 4500
082 04 - DEWEY DECIMAL CLASSIFICATION NUMBER
Classification number 820/.9/358
100 1# - MAIN ENTRY--AUTHOR NAME
Personal name Brantlinger, Patrick,
245 10 - TITLE STATEMENT
Title Rule of darkness
260 ## - PUBLICATION, DISTRIBUTION, ETC. (IMPRINT)
Place of publication Ithaca :
Name of publisher Cornell University Press,
Year of publication 1988.
300 ## - PHYSICAL DESCRIPTION
Number of Pages xi, 309 p. :
Other physical details ill.
500 ## - GENERAL NOTE
General note First printing, Cornell Paperbacks, 1990.
505 0# - FORMATTED CONTENTS NOTE
Formatted contents note pt. I. Dawn -- pt. II. Noon -- pt. III. Dusk.
650 #0 - SUBJECT ADDED ENTRY--TOPICAL TERM
Topical Term English literature
Topical Term Imperialism in literature.
Topical Term English literature
Topical Term Politics and literature
Topical Term Colonies in literature.
856 40 - ELECTRONIC LOCATION AND ACCESS
Uniform Resource Identifier http://site.ebrary.com/lib/rucke/Doc?id=10648924

No items available.

© 2026 Rongo University
Contact us: librarian | system librarian | Rongo university